عرض عادي
عرض مارك
- التأمين على السيارات
مدخل مصطلح موضوعي
001 - رقم الضبط
- حقل الضبط: 20499
003 - معرف رقم الضبط
- حقل الضبط: OSt
005 - تاريخ ووقت أخر عملية
- حقل الضبط: 20130203141919.0
008 - عناصر بيانات ثابتة الطول
- حقل تحكم ثابت الطول: 130203|||a|||||| | ||| d
040 ## - مصدر الفهرسة
- هيئة الفهرسة الأصلية: OSt
- وكالة الكتابة: OSt
150 ## - مدخل-- مصطلح تاريخي
- عنصر مدخل المصطلح الموضوعي او الاسم الجغرافي: التأمين على السيارات
- تفريع عام: قوانين وتشريعات
- تفريع جغرافي: الأردن
670 ## - بيانات المصدر موجوده
- الاستشهاد بالمصدر: Work cat.: (OSt): الطراونة، مراد علي 20498, التأمين الإلزامي من حوادث المركبات :, 2011 - [1432]
